| 000 | 00424nam a2200157 i 4500 | ||
|---|---|---|---|
| 001 | 104720 | ||
| 003 | ES-MaACL | ||
| 005 | 20230906183655.0 | ||
| 007 | t| | ||
| 008 | 051212s1971 sp ||||1| spa d | ||
| 100 | 1 |
_aMiranda, Julio E. _981528 |
|
| 245 | 1 | 0 |
_aNueva literatura cubana / _cJulio E. Miranda. |
| 260 |
_aMadrid : _bTaurus, _c1971. |
||
| 300 |
_a141 p., 3 h. ; _c18 cm. |
||
| 852 |
_aES-MaACL _jC-40306 _bR.79226 |
||
| 999 |
_c104720 _d104720 |
||